[Event "Pontevedra South Region"]
[Site "Nigran"]
[Date "2011.12.07"]
[Round "2.1"]
[White "Lopez Perez, Sergio"]
[Black "Dominguez Carnero, Javier"]
[Result "1/2-1/2"]
[WhiteElo "1973"]
[BlackElo "1752"]
[PlyCount "85"]
[EventDate "2011.12.06"]
[EventType "swiss"]
[EventRounds "6"]
[EventCountry "ESP"]
[SourceTitle "EXT 2024"]
[Source "ChessBase"]
[SourceDate "2023.10.10"]
[SourceVersion "1"]
[SourceVersionDate "2023.10.10"]
[SourceQuality "1"]

1. d4 d5 2. c4 c6 3. Nf3 Nf6 4. Nc3 g6 5. e3 Bg7 6. Bd3 Bg4 7. cxd5 Nxd5 8. Qb3 Qb6 9. Qxb6 Nxb6 10. a4 a6 11. a5 Nd5 12. Na4 Nd7 13. Bd2 0-0 14. Ng5 e5 15. h3 Be6 16. Nxe6 fxe6 17. Nc5 Nxc5 18. dxc5 Rad8 19. Ra3 Rd7 20. Ke2 Rfd8 21. Rd1 Kf7 22. Bc2 Bf8 23. b4 e4 24. Be1 Bg7 25. Rb3 Bf6 26. Bd2 Ke7 27. Be1 Bh8 28. Rc1 Nf6 29. Bc3 Rd5 30. Bxf6+ Bxf6 31. Bxe4 Rd2+ 32. Ke1 Ra2 33. Rc2 Ra1+ 34. Ke2 Rdd1 35. Rd2 Rxd2+ 36. Kxd2 Ra2+ 37. Bc2 Rb2 38. Rxb2 Bxb2 39. f4 Kf6 40. g4 Ba3 41. Kc3 Bc1 42. Kd4 Bb2+ 43. Kd3 1/2-1/2

[Event "Gallego-ch U14"]
[Site "Pontedeume A Coruna"]
[Date "2010.02.15"]
[Round "6.5"]
[White "Dominguez Carnero, Javier"]
[Black "Suarez Gomez, Julio"]
[Result "0-1"]
[WhiteElo "1543"]
[BlackElo "1623"]
[PlyCount "58"]
[EventDate "2010.02.13"]
[EventType "swiss"]
[EventRounds "8"]
[EventCountry "ESP"]
[SourceTitle "EXT 2024"]
[Source "ChessBase"]
[SourceDate "2023.10.10"]
[SourceVersion "1"]
[SourceVersionDate "2023.10.10"]
[SourceQuality "1"]

1. d4 d5 2. Nf3 Nf6 3. Bf4 e6 4. e3 Be7 5. Be5 Nbd7 6. Nbd2 0-0 7. Bd3 c5 8. dxc5 Nxc5 9. 0-0 Nxd3 10. cxd3 Bd6 11. d4 Bxe5 12. Nxe5 Nd7 13. Nxd7 Qxd7 14. Qb3 b6 15. Rfc1 Ba6 16. Rc3 Rfc8 17. Rac1 Rxc3 18. Rxc3 Rc8 19. Qb4 h6 20. f3 Rxc3 21. bxc3 Qd8 22. g3 Qg5 23. Kf2 Qh5 24. Kg2 Qf5 25. e4 Qg5 26. c4 dxc4 27. Nxc4 Qc1 28. Nd2 Qe1 29. Qc3 Bf1+ 0-1